| 000 | 00418nam a2200157Ia 4500 | ||
|---|---|---|---|
| 008 | 230917s9999||||xx |||||||||||||| ||und|| | ||
| 020 | _cRS120 | ||
| 040 |
_e130915 _aMAIN |
||
| 041 | _aEnglish | ||
| 082 | _a330.1543 K849T | ||
| 100 | _aKoutsoyiannis, A | ||
| 245 | 0 | _aTheory of econometrics: An introductory exposition of econometric method | |
| 260 |
_aLondon _bMacMillan _c1973 |
||
| 300 | _a681 p. | ||
| 942 | _cBK | ||
| 999 |
_c46614 _d46614 |
||